Who cares? (Record no. 71624)

MARC details
000 -LEADER
fixed length control field 01104cam a2200217 4500
001 - CONTROL NUMBER
control field ABS66150
008 - FIXED-LENGTH DATA ELEMENTS--GENERAL INFORMATION
fixed length control field 021122n2002 000 0 eng u
035 ## - SYSTEM CONTROL NUMBER
System control number (Sirsi) u120555
100 ## - MAIN ENTRY--PERSONAL NAME
Personal name Stothart, C
245 ## - TITLE STATEMENT
Title Who cares?
260 ## - PUBLICATION, DISTRIBUTION, ETC.
Date of publication, distribution, etc. 2002
490 ## - SERIES STATEMENT
Series statement Housing Today
Volume/sequential designation (307) 31 October 2002, 16-18(3)
520 ## - SUMMARY, ETC.
Summary, etc. Looks at the problems associated with the care homes sector in the UK. The increasing numbers of elderly people combined with lack of funding have meant a lack of accommodation for many. Reports that many organisations are pulling out of the sector altogether as they cannot afford to recruit decent staff on the budget provided. This includes London and Quadrant which set up its own care homes five years ago. Recommendations include a care homes modernisation grant that would give homes more money as they upgraded to meet the Care Standards Act and smaller care homes working in partnership.
590 ## - LOCAL NOTE (RLIN)
Local note ABS
650 ## - SUBJECT ADDED ENTRY--TOPICAL TERM
Topical term or geographic name entry element CARE HOMES
650 ## - SUBJECT ADDED ENTRY--TOPICAL TERM
Topical term or geographic name entry element RESIDENTIAL CARE
650 ## - SUBJECT ADDED ENTRY--TOPICAL TERM
Topical term or geographic name entry element RESOURCE PLANNING
650 ## - SUBJECT ADDED ENTRY--TOPICAL TERM
Topical term or geographic name entry element ELDERLY POPULATION
690 ## - LOCAL SUBJECT ADDED ENTRY--TOPICAL TERM (OCLC, RLIN)
Topical term or geographic name as entry element HOUSING
942 ## - ADDED ENTRY ELEMENTS (KOHA)
Suppress in OPAC 0
Holdings
Withdrawn status Lost status Source of classification or shelving scheme Damaged status Not for loan Home library Current library Shelving location Date acquired Total Checkouts Full call number Barcode Date last seen Copy number Price effective from Koha item type
    Dewey Decimal Classification     London London Books 22/11/2002   ABS66150 120555-1001 06/08/2019 1 06/08/2019 Book